| 000 | 01149cam a22002773a 4500 | ||
|---|---|---|---|
| 001 | 29574 | ||
| 003 | PGUSA | ||
| 005 | 20140828083635.0 | ||
| 008 | 090802s2009||||xxu|||||s|||||000 p eng d | ||
| 040 |
_aPGUSA _beng |
||
| 042 | _adc | ||
| 050 | 4 | _aPN | |
| 100 | 1 | _aBarksted, William, active 1611 | |
| 245 | 1 | 0 |
_aSeven Minor Epics of the English Renaissance (1596-1624) _h[electronic resource] / _cWilliam, active 1611 Barksted |
| 260 |
_bProject Gutenberg, _c2009 |
||
| 505 | 0 | _aPhilos and Licia (1924) / by Anonymous -- Pyramus and Thisbe (1617) / by Dunstan Gale -- The love of Dom Diego and Ginevra (1596) / by Richard Lynch -- Mirrha (1607) / by William Barksted -- Hiren (1611) / by William Barksted -- Ames and Laura (1613) / by Samuel Page -- The Scourge of Venus (1613) / by H.A. | |
| 506 | _aPublic domain in the USA. | ||
| 516 | _aElectronic text | ||
| 653 | _aEnglish poetry -- Early modern, 1500-1700 | ||
| 653 | _aEpic poetry, English | ||
| 653 | _aRenaissance -- England | ||
| 700 | 1 |
_aMiller, Paul William, _d1926- |
|
| 830 | 0 |
_aProject Gutenberg _v29574 |
|
| 856 | 4 | 0 | _uhttp://www.gutenberg.org/ebooks/29574 |
| 942 | _cEB | ||
| 999 |
_c258829 _d258829 |
||